000 00411ntaaa2200169 4500
003 01
005 20251027201914.0
008 0714s1973 ag 01
040 _aAR-BaBN
_bspa
_cAR-BaBN
_eaacr
_dRIC
082 _a244.1000 T21
100 _aTaylor, Helen L.
_917607
245 _aEl niƱo peregrino
250 _a1 ed. :
_bEditorial Moody,
_cn.f.
300 _a256 p.
650 _aPeregrino
_917608
942 _cBK
999 _c13774
_d13774